KP or mKP : noncommutative mathematics of Lagrarian, Hamiltonian, and integrable systems
Αποθηκεύτηκε σε:
| Κύριος συγγραφέας: | |
|---|---|
| Μορφή: | Βιβλίο |
| Γλώσσα: | English |
| Δημοσίευση: |
Providence, R.I. :
American Mathematical Society,
2000
|
| Σειρά: | Mathematical surveys and monographs ;
; 78 |
| Θέματα: | |
| Ετικέτες: |
Προσθήκη ετικέτας
Δεν υπάρχουν, Καταχωρήστε ετικέτα πρώτοι!
|
MARC
| LEADER | 00000cam a2200000 i 4500 | ||
|---|---|---|---|
| 001 | 1/76858 | ||
| 008 | 050523s2000 eng d | ||
| 020 | |a 0-8218-1400-1 | ||
| 035 | |l 10078097 | ||
| 040 | |a GR-MY-UA |b gre |e aacr | ||
| 041 | 0 | |a eng | |
| 082 | 0 | |a 516.36 |2 (21) | |
| 100 | 1 | |a Kupershmidt, Boris A., |d 1946- | |
| 245 | 1 | 0 | |a KP or mKP : |b noncommutative mathematics of Lagrarian, Hamiltonian, and integrable systems / |c Boris A. Kupershmidt |
| 260 | |a Providence, R.I. : |b American Mathematical Society, |c 2000 | ||
| 300 | |a xviii, 600 σ.; |c 26 εκ. | ||
| 490 | 1 | |a Mathematical surveys and monographs |v ; 78 |x 0076-5376 | |
| 504 | |a Περιλαμβάνει βιβλιογραφία και ευρετήριο | ||
| 650 | 0 | 0 | |a Hamiltonian systems. |
| 650 | 0 | 0 | |a Noncommutative differential geometry. |
| 830 | 0 | |a Mathematical surveys and monographs ; |v ; 78 |x 0076-5376 | |
| 852 | |a INST |b CHIOS |e 20050523 |h 516.36 KUP |p 005200021987 |q 005200021987 |t BK |y 0 | ||
| 901 | |a BIBL2-2005-2 | ||
| 909 | |a Χ |b 112913 | ||
| 920 | |a ΔΙΕΥΡΥΝΣΗ |b ΕΠΕΑΕΚ-ΤΜΟΔ |y ΧΙΟΣ |z 2004-12 | ||
| 970 | |a ΧΑΖΙΡΗ |b ΑΝΝΑ |z 2005/05/23 | ||